| 000 | 00649nam a2200169 i 4500 | ||
|---|---|---|---|
| 001 | 164635 | ||
| 003 | ES-MaACL | ||
| 005 | 20230906212956.0 | ||
| 008 | 940301s1886 sp |||| | spa d | ||
| 100 | 1 |
_aSancho-Tello y Burguete, Vicente. _9132398 |
|
| 245 | 1 | 0 |
_aLecciones de derecho civil foral / _cpor Vicente Sancho Tello y Burguete. |
| 260 |
_aValencia : _bImp. y Librería de Ramón Ortega, _c1886. |
||
| 300 |
_a178 p. ; _c22 cm. |
||
| 530 | _aDisponible en formato digital. | ||
| 852 |
_aES-MaACL _jC-3367 _z- Enc. hol. |
||
| 856 |
_uhttp://www.derechoaragones.es/es/consulta/registro.cmd?id=601276 _zBiblioteca Virtual de Derecho Aragonés |
||
| 999 |
_c164635 _d164635 |
||